| 000 | 00603nam a2200205 i 4500 | ||
|---|---|---|---|
| 001 | 108135 | ||
| 003 | ES-MaACL | ||
| 005 | 20230906184602.0 | ||
| 007 | t| | ||
| 008 | 070124s1964 fr ||||1| fre d | ||
| 080 | _a929 Teresa de Jesús, Santa | ||
| 100 | 1 |
_aJobit, Pierre. _966689 |
|
| 245 | 1 | 0 |
_aThérèse d'Avila / _cPierre Jobit. |
| 260 |
_aParis : _bBloud et Gay, _c[1964] |
||
| 300 |
_a262 p. ; _c20 cm. |
||
| 500 | _aBiblioteca Jacinto Martínez Lacalle. | ||
| 600 | 0 | 0 |
_aTeresa de Jesús, _cSanta, _d1515-1582 _9226510 |
| 852 |
_aES-MaACL _jE-11541 _bR.139593 |
||
| 999 |
_c108135 _d108135 |
||